000 00543nam a22002057a 4500
003 LK-CoMWRAF
005 20231020224233.0
008 231020b |||||||| |||| 00| 0 eng d
020 _a9789559672616
040 _aLK-CoMWRAF
_dLK-CoMWRAF
_eLK-CoMWRAF
041 _aeng
082 _a823
_bJAY
100 _aJayasuriya, Wilfrid
245 _aChristine's story
260 _aColombo :
_bWilfrid Jayasuriya,
_c2000
300 _a119p. ; 21cm
650 _aEnglish Fiction
650 _aEnglish Fiction--Sri Lankan authors
942 _cBK
999 _c3962
_d3962